Strannik (Record no. 133590)

MARC details
000 -LEADER
campo de control de longitud fija 00805nam a2200265 i 4500
001 - NÚMERO DE CONTROL
campo de control 133590
003 - IDENTIFICADOR DE NÚMERO DE CONTROL
campo de control ES-MaACL
005 - FECHA Y HORA DE LA ÚLTIMA TRANSACCIÓN
campo de control 20230906194449.0
007 - CAMPO FIJO DE DESCRIPCIÓN FÍSICA--INFORMACIÓN GENERAL
campo de control de longitud fija t|
008 - DATOS DE LONGITUD FIJA--INFORMACIÓN GENERAL
campo de control de longitud fija 070821s1976 sp ||||1| spa d
020 ## - NÚMERO INTERNACIONAL ESTÁNDAR DEL LIBRO
Número Internacional Estándar del Libro 84-7068-116-8
080 ## - NÚMERO DE LA CLASIFICACIÓN DECIMAL UNIVERSAL
Número de la Clasificación Decimal Universal 248
130 0# - ENTRADA PRINCIPAL--TÍTULO UNIFORME
Título uniforme Strannik.
Lenguaje de la obra Español.
9 (RLIN) 124760
245 10 - MENCIÓN DEL TÍTULO
Título Strannik
Resto del título : el peregrino ruso /
Mención de responsabilidad, etc. [versión española y presentación: Urbano Barrientos ; introducción y notas: Augusto Guerra].
250 ## - MENCION DE EDICION
Mención de edición 3ª ed.
260 ## - PUBLICACIÓN, DISTRIBUCIÓN, ETC.
Lugar de publicación, distribución, etc. Madrid :
Nombre del editor, distribuidor, etc. Espiritualidad,
Fecha de publicación, distribución, etc. 1976.
300 ## - DESCRIPCIÓN FÍSICA
Extensión 159 p. ;
Dimensiones 18 cm.
490 1# - MENCIÓN DE SERIE
Mención de serie Logos ;
Designación de volumen o secuencia 20
650 #4 - PUNTO DE ACCESO ADICIONAL DE MATERIA--TÉRMINO DE MATERIA
Término de materia o nombre geográfico como elemento de entrada Vida espiritual.
9 (RLIN) 12505
700 1# - ENTRADA AGREGADA--NOMBRE PERSONAL
Nombre de persona Barrientos, Urbano.
9 (RLIN) 25973
700 1# - ENTRADA AGREGADA--NOMBRE PERSONAL
Nombre de persona Guerra, Augusto.
9 (RLIN) 60486
830 0# - PUNTO DE ACCESO ADICIONAL DE SERIE-TÍTULO UNIFORME
Título uniforme Logos ;
Designación de volumen o secuencia 20
9 (RLIN) 183254
852 ## - LOCALIZACIÓN
Ubicación ES-MaACL
Número de control de estantería A-7505
Sublocalización o colección R.95580
Holdings
Estatus retirado Estado de pérdida Estado de daño No para préstamo Biblioteca de origen Biblioteca actual Ubicación en estantería Fecha de adquisición Fuente de adquisición Total de préstamos Signatura topográfica completa Código de barras Visto por última vez Precio de reemplazo Tipo de ítem Koha
        Biblioteca del Ateneo de Madrid Biblioteca del Ateneo de Madrid Sala Pecera Planta 1 17/01/2008     A-7505 1139069 23/02/2023 23/02/2023 Libro impreso